000 00624nam a22001697a 4500
005 20230222055913.0
008 230222b |||||||| |||| 00| 0 eng d
020 _a978-971-9805-90-8
082 _a005.72 K44 2016
245 _aKeyboarding and word processing /
260 _aQuezon City:
_bC & E Publishing,
_cc2016.
300 _av, 235p.;
_bill.
505 _aOriginally published under the title of keyboarding and word processing lessons 1-110, complete cause by Susie H. Van Huss, Connie M. Forde, Donna L. Woo, Vicky Robertson
541 _e5454
650 _aKeyboarding (Electronics)
650 _aWord processing
999 _c1366
_d1366